[Event "Budapest FS02 IM"]
[Site "Budapest"]
[Date "1997.??.??"]
[Round "4"]
[White "Szabo, Zsolt"]
[Black "De Santis, Alessio"]
[Result "1-0"]
[WhiteElo "2355"]
[BlackElo "2255"]

1.d4 d6 2.e4 Nf6 3.Nc3 c6 4.Nf3 Bg4 5.h3 Bh5 6.Bd3 e6 7.Bg5 Be7 8.Qd2 d5
9.e5 Nfd7 10.Bxe7 Qxe7 11.O-O-O a6 12.g4 Bg6 13.Bxg6 hxg6 14.Ng5 b5 15.f4 Nb6
16.Kb1 Nc4 17.Qc1 Nd7 18.f5 gxf5 19.gxf5 O-O-O 20.fxe6 fxe6 21.b3 Ncb6 22.Ne2 Rdf8
23.h4 c5 24.Nf4 Rh6 25.dxc5 Nxc5 26.Rhf1 Rf5 27.Qa3 Qc7 28.Nfxe6 Rxf1 29.Rxf1 Rxe6
30.Nxe6 Nxe6 31.Qxa6+ Kd8 32.Qxb5 Qxc2+ 33.Kxc2 Nd4+ 34.Kd2 Nxb5 35.Rf8+ Kc7
36.Rf7+ Kc6 37.Rxg7 Nd7 38.h5 Nxe5 39.h6 Nd6 40.h7 Nef7 41.Rg8 Kc5 42.h8=Q Nxh8
43.Rxh8 Kb4 44.Rb8+ Ka3 45.Ra8+ Kb2 46.Kd3 Nb5 47.b4 Nc3 48.a4 Kb3 49.b5 Kb4
50.b6 Ne4 51.b7  1-0

[Event "Budapest FS03 IM-B"]
[Site "Budapest"]
[Date "1997.??.??"]
[Round "4"]
[White "Bokros, Albert"]
[Black "De Santis, Alessio"]
[Result "1/2-1/2"]
[WhiteElo "2260"]
[BlackElo "2255"]

1.e4 d6 2.d4 Nf6 3.Nc3 c6 4.f4 Qa5 5.Bd3 d5 6.e5 Ne4 7.Bxe4 dxe4 8.Qe2 Na6
9.Qxe4 g6 10.Qe2 Nb4 11.Kf2 Bf5 12.Ne4 Qd5 13.Nc3 Qa5 14.Be3 Bxc2 15.Nf3 Bd3
16.Qd2 Bf5 17.a3 Nd5 18.b4 Nxc3 19.Qxc3 Qd5 20.Rhf1 Bg7 21.Kg1 O-O 22.Nh4 Be4
23.Rf2 f6 24.Nf3  1/2-1/2

[Event "Budapest FS03 IM-B"]
[Site "Budapest"]
[Date "1997.??.??"]
[Round "6"]
[White "Peredy, Ferenc"]
[Black "De Santis, Alessio"]
[Result "1-0"]
[WhiteElo "2200"]
[BlackElo "2255"]

1.e4 d6 2.d4 Nf6 3.Nc3 c6 4.f4 Qa5 5.Bd3 e5 6.Nf3 Bg4 7.Be3 Nbd7 8.O-O h5
9.h3 exf4 10.Bxf4 Bxf3 11.Qxf3 g5 12.Be3 g4 13.Qf5 Qxf5 14.Rxf5 gxh3 15.gxh3 O-O-O
16.Bg5 Be7 17.Raf1 Rhg8 18.Kh1 Rg6 19.e5 dxe5 20.dxe5 Nd5 21.Bxe7 Nxe7 22.Rxh5 Re6
23.Bc4 Rxe5 24.Bxf7 Re3 25.Rh7 Rf8 26.Bc4 Rxf1+ 27.Bxf1 Nf5 28.Bd3 Nd4 29.Kg2 Nc5
30.Bg6 Nce6 31.Rh4 b5 32.Re4 Nxc2 33.Rxe6 Rxe6 34.Bxc2 Kc7 35.Ne4 c5 36.h4 c4
37.h5 Kc6 38.Kf3 Kd5 39.Nc3+ Kc5 40.Bf5 Rh6 41.Bg6 b4 42.Ne2 a5 43.Kf4 a4
44.Kg5 Rh8 45.h6 c3 46.bxc3 b3 47.axb3 axb3 48.Nc1 Kc4 49.Bf7+ Kxc3 50.Nxb3  1-0

[Event "Budapest FS12 IM-B"]
[Site "Budapest"]
[Date "1997.??.??"]
[Round "6"]
[White "Le Thi Phuong Lien"]
[Black "Francsics, Endre"]
[Result "0-1"]
[WhiteElo "2265"]
[BlackElo "2245"]

1.e4 d6 2.d4 Nf6 3.Nc3 c6 4.f4 Qc7 5.Bd3 e5 6.Nf3 Bg4 7.dxe5 dxe5 8.fxe5 Nfd7
9.Bf4 Bxf3 10.Qxf3 Nxe5 11.Qg3 Nbd7 12.Be2 h5 13.O-O-O f6 14.Rhf1 O-O-O 15.Bc4 h4
16.Qh3 Bd6 17.Be6 Kb8 18.Bxd7 Qxd7 19.Bxe5 fxe5 20.Rf5 Qe6 21.Qe3 Be7 22.a3 Rxd1+
23.Nxd1 Rd8 24.Nf2 Qa2 25.Nd3 Qa1+ 26.Kd2 Qxb2 27.Rf7 Bxa3 28.Qg5 Qc1+  0-1

[Event "Budapest FS03 IM-A"]
[Site "Budapest"]
[Date "1997.??.??"]
[Round "7"]
[White "Szabo, Zsolt"]
[Black "Czebe, Attila"]
[Result "1/2-1/2"]
[WhiteElo "2355"]
[BlackElo "2325"]

1.d4 d6 2.e4 Nf6 3.Nc3 e5 4.dxe5 dxe5 5.Qxd8+ Kxd8 6.Bc4 Be6 7.Bxe6 fxe6
8.f3 Bc5 9.Na4 Bb4+ 10.c3 Bd6 11.Be3 Nfd7 12.O-O-O Ke7 13.c4 c5 14.Nh3 Nc6
15.Nf2 Nd4  1/2-1/2

[Event "Spring op"]
[Site "Budapest"]
[Date "1997.??.??"]
[Round "7"]
[White "Grabics, Monika"]
[Black "Czebe, Attila"]
[Result "1-0"]
[WhiteElo "2255"]
[BlackElo "2325"]

1.e4 d6 2.d4 Nf6 3.Nc3 e5 4.Nf3 Nbd7 5.Bc4 Be7 6.O-O O-O 7.a4 c6 8.Re1 b6
9.h3 Bb7 10.Ba2 a6 11.d5 b5 12.dxc6 Bxc6 13.axb5 axb5 14.Bg5 Nc5 15.Bxf6 Bxf6
16.Bd5 Rxa1 17.Qxa1 Qb6 18.Bxc6 Qxc6 19.Qd1 Na4 20.Nd5 Nxb2 21.Nxf6+ gxf6
22.Qc1 Qc3 23.Re3 Qb4 24.Nh4 Rd8 25.Rb3 Qxe4 26.Qh6 Qe1+ 27.Kh2 Qxf2 28.Rg3+  1-0

[Event "Budapest FS06 GM"]
[Site "Budapest"]
[Date "1997.??.??"]
[Round "7"]
[White "Shaked, Tal"]
[Black "Lorscheid, Gerhard"]
[Result "1/2-1/2"]
[WhiteElo "2445"]
[BlackElo "2330"]

1.e4 d6 2.d4 Nf6 3.Nc3 e5 4.Nf3 Nbd7 5.Bc4 Be7 6.O-O O-O 7.Re1 c6 8.a4 Qc7
9.b3 h6 10.Bb2 Re8 11.h3 Bf8 12.Nh4 a5 13.Qd2 exd4 14.Qxd4 Qb6 15.Qxb6 Nxb6
16.Bf1 Nbd7 17.Nf3 Nc5 18.Nd2 Na6 19.Na2 Nc5 20.f3 Be6 21.Nc4 Nfd7 22.Rad1 Bxc4
23.Bxc4 Nb6 24.Bf1 d5 25.e5 Nbd7 26.g3 f6 27.exf6 Nxf6 28.Bc3 b6 29.Rxe8 Rxe8
30.Re1 Rxe1 31.Bxe1 Ne6 32.Kg2 Kf7 33.Nc1 Nd7 34.Be2 Be7 35.Bd1 g5 36.Bd2 Bd6
37.Nd3 Ndc5 38.Nxc5 Bxc5 39.h4 Kf6 40.Kh3 Bf2 41.Kg4 d4 42.Be2 Be3 43.Be1 Nc5
44.Kh5 Nd7 45.hxg5+  1/2-1/2

[Event "Budapest FS12 IM-B"]
[Site "Budapest"]
[Date "1997.??.??"]
[Round "8"]
[White "Farago, Sandor"]
[Black "Francsics, Endre"]
[Result "1/2-1/2"]
[WhiteElo "2330"]
[BlackElo "2245"]

1.e4 d6 2.d4 Nf6 3.Nc3 c6 4.Bd3 e5 5.Nge2 Qb6 6.dxe5 dxe5 7.O-O Nbd7 8.Na4 Qc7
9.c4 Nc5 10.Nxc5 Bxc5 11.Rb1 a5 12.Ng3 O-O 13.h3 Rd8 14.Qf3 Ne8 15.Be2 Qe7
16.Nf5 Bxf5 17.Qxf5 Nc7 18.Qg4 Ne6 19.g3 Rd6 20.h4 Nd4 21.Bd1 Qe6 22.b3 Rad8
23.Kg2 Qxg4 24.Bxg4 Nc2 25.h5 Nb4 26.Rb2 Nd3 27.Re2 Nxc1  1/2-1/2

[Event "Budapest FS03 IM-B"]
[Site "Budapest"]
[Date "1997.??.??"]
[Round "8"]
[White "Gara, Anita"]
[Black "De Santis, Alessio"]
[Result "1-0"]
[WhiteElo "2285"]
[BlackElo "2255"]

1.e4 d6 2.d4 Nf6 3.Nc3 c6 4.f4 Qa5 5.Bd3 d5 6.e5 Ne4 7.Bxe4 dxe4 8.Qe2 Na6
9.Qxe4 g6 10.Nf3 Bf5 11.Qe2 Nb4 12.O-O Bxc2 13.a3 Bf5 14.axb4 Qxa1 15.d5 Bg7
16.dxc6 Qa6 17.b5 Qa5 18.Nd4 Rd8 19.Be3 O-O 20.cxb7 Qc7 21.g4 Be6 22.Qf3 Rd7
23.Nxe6 fxe6 24.Qc6 Qxb7 25.Qxe6+ Kh8 26.Qc6 Rc8 27.Qxb7 Rxb7 28.Ra1 Rcc7
29.h4 e6 30.Ra6 Bf8 31.Rxe6 Bc5 32.Kf2 Kg7 33.Kf3 Bxe3 34.Kxe3 Rc4 35.Rd6 Rb4
36.e6 Kf8 37.Rd7 Rb6 38.f5 gxf5 39.gxf5 Rxh4 40.Nd5 Rxb5 41.Rd8+ Kg7 42.e7 Rb3+
43.Nc3  1-0

[Event "Budapest FS02 IM"]
[Site "Budapest"]
[Date "1997.??.??"]
[Round "8"]
[White "Neubauer, Martin"]
[Black "De Santis, Alessio"]
[Result "1/2-1/2"]
[WhiteElo "2320"]
[BlackElo "2255"]

1.e4 d6 2.d4 Nf6 3.Nc3 c6 4.f4 Qa5 5.Bd3 d5 6.e5 Ne4 7.Qf3 Na6 8.Ne2 Nb4
9.O-O Nxd3 10.cxd3 Nxc3 11.bxc3 g6 12.a4 h5 13.Ba3 Bg4 14.Qe3 e6 15.Bxf8 Kxf8
16.Rfc1 Bxe2 17.Qxe2 Kg7 18.h4 Rac8 19.Rab1 Rc7 20.Qb2 c5 21.c4 Rd8 22.dxc5 dxc4
23.d4 c3 24.Qb4 Qxb4 25.Rxb4 a5 26.Rc4 Rcd7 27.R1xc3 Rxd4 28.Kh2 Kf8 29.g3 Ke8
30.c6 Rxc4 31.Rxc4 bxc6 32.Rc5 Rd5 33.Rxc6 Rd4 34.Rc8+ Ke7 35.Rc7+ Kf8 36.Rc8+ Kg7
37.Ra8 Rxa4 38.Kg2 Ra3 39.Kf2 a4 40.Kg2 Ra1 41.Kf3 a3 42.Kf2 a2 43.Kg2 f5
44.Kh2 Kf7 45.Ra7+ Ke8 46.Kg2 Kd8 47.Kh2 Kc8 48.Kg2 Kb8 49.Ra3 Kb7 50.Kh2 Kb6
51.Kg2 Kb5 52.Ra8 Kb4 53.Rb8+ Kc3 54.Rc8+ Kd3 55.Rd8+ Ke4 56.Ra8 Ke3 57.Ra7 Ke2
58.Ra8 Kd1 59.Rd8+ Ke1 60.Ra8 Ke2 61.Ra7 Ke3 62.Ra8  1/2-1/2

[Event "Budapest FS02 IM"]
[Site "Budapest"]
[Date "1997.??.??"]
[Round "10"]
[White "Madl, Ildiko"]
[Black "Mensch, Etienne"]
[Result "0-1"]
[WhiteElo "2365"]
[BlackElo "2270"]

1.e4 d6 2.d4 Nf6 3.Nc3 Nbd7 4.Nf3 e5 5.Bc4 Be7 6.a4 O-O 7.O-O c6 8.Ba2 b6
9.d5 c5 10.Qe2 Ne8 11.h3 g6 12.Bh6 Ng7 13.Qd2 Nf6 14.Rad1 Qe8 15.Bc4 Bd7
16.b3 a6 17.Qe2 Qc8 18.Nh2 Qb7 19.Bg5 Rfe8 20.Bh6 Rf8 21.g4 b5 22.axb5 axb5
23.Nxb5 Nxe4 24.Nxd6 Bxd6 25.Qxe4 f5 26.Qe2 e4 27.f4 Rf7 28.Qe3 Ne8 29.Kh1 Nf6
30.Rg1 Qc8 31.Be2 Ra2 32.Qc3 Qb8 33.Bc4 Qb4 34.Qxb4 cxb4 35.Ra1 Rxc2 36.gxf5 Bxf5
37.Ra8+ Bf8 38.d6 Rxc4 39.bxc4 e3 40.Rga1 b3 41.Rb8 b2 42.Rxb2 Bxh6 43.c5 Bxf4
44.Kg1 Be5 45.Rb8+ Kg7 46.Rc1 Be4 47.Rb4 Bc6 48.Rc2 Nd5 49.Re4 Nf4 50.Rxe3 Bd4
51.Nf1 Nd5 52.Re2 Bxc5  0-1

[Event "Budapest FS03 IM-A"]
[Site "Budapest"]
[Date "1997.??.??"]
[Round "11"]
[White "Mashinskaya, Iulia"]
[Black "Horvath, Adam"]
[Result "1-0"]
[WhiteElo "2240"]
[BlackElo "2275"]

1.e4 d6 2.d4 Nf6 3.Nc3 c6 4.f3 Nbd7 5.Be3 e5 6.Qd2 b5 7.d5 cxd5 8.Nxd5 Nxd5
9.Qxd5 Rb8 10.Qd2 Qc7 11.Ne2 a6 12.Nc3 Bb7 13.a4 b4 14.Nd5 Bxd5 15.Qxd5 Qxc2
16.Bc4 Qxg2 17.Qxf7+ Kd8 18.O-O-O b3 19.Bd2 Rb6 20.Kb1 Be7 21.Rhg1 Qxh2 22.Rxg7 Re8
23.Qd5 Qf2 24.Ba5 Qxf3 25.Bxa6 Qf2 26.Rc1 Nb8 27.Qb7  1-0

[Event "Budapest FS02 IM"]
[Site "Budapest"]
[Date "1997.??.??"]
[Round "11"]
[White "Starostits, Ilmas"]
[Black "De Santis, Alessio"]
[Result "1-0"]
[WhiteElo "2230"]
[BlackElo "2255"]

1.e4 d6 2.d4 Nf6 3.Nc3 c6 4.Bg5 Qb6 5.Qd2 Qxb2 6.Rb1 Qa3 7.Bd3 e5 8.Nf3 Nbd7
9.O-O Qa5 10.h3 Be7 11.Kh1 Qc7 12.Ne2 O-O 13.c3 d5 14.dxe5 Nxe4 15.Bxe4 dxe4
16.Bxe7 exf3 17.gxf3 Re8 18.Bd6 Qa5 19.Rg1 g6 20.Nf4 Qd8 21.Rg3 Qh4 22.Qd4 Qh6
23.Qe3 Kg7 24.e6 Nf8 25.Be5+ f6 26.Bxf6+  1-0

[Event "Goodricke op"]
[Site "Calcutta"]
[Date "1997.??.??"]
[Round "9"]
[White "Nguyen Anh Dung"]
[Black "Komliakov, Viktor"]
[Result "1/2-1/2"]
[WhiteElo "2465"]
[BlackElo "2460"]

1.d4 d6 2.e4 Nf6 3.Nc3 e5 4.dxe5 dxe5 5.Qxd8+ Kxd8 6.Bc4 Be6 7.Bxe6 fxe6
8.Nf3 Bd6 9.Be3 Nc6 10.h3 Ke7 11.O-O-O Bb4 12.Nd2 Bxc3 13.bxc3 b6 14.f3 Rhf8
15.Nc4 Rad8 16.Rd3 h6 17.Rhd1 Nh5 18.R1d2 Kf6 19.h4 Rfe8 20.Bf2 Nf4 21.Rxd8 Rxd8
22.g3 Rxd2 23.Kxd2 Nh5 24.Ke3 g6 25.Be1 Ng7 26.Bd2 Nd8 27.Kd3 Nf7 28.Ne3 h5
29.Nc4 Ne8 30.g4 Ned6 31.Nxd6 Nxd6 32.Bg5+ Kf7 33.Bd8 c6 34.c4 Nb7 35.Bc7 Nc5+
36.Ke3 Nd7 37.g5 Ke7 38.Kd2 Ke8 39.Kc3 Ke7 40.Kb4 Ke8 41.Kc3 Ke7  1/2-1/2

[Event "Cannes op 18th"]
[Site "Cannes"]
[Date "1997.??.??"]
[Round "3"]
[White "Sermek, Drazen"]
[Black "Summerscale, Aaron"]
[Result "1-0"]
[WhiteElo "2575"]
[BlackElo "2500"]

1.e4 d6 2.d4 Nf6 3.Nc3 e5 4.Nf3 Nbd7 5.Bc4 Be7 6.O-O O-O 7.a4 c6 8.Ba2 b6
9.Qe2 Bb7 10.Rd1 Qc7 11.Nh4 Rae8 12.Nf5 exd4 13.Nxd4 d5 14.exd5 Bc5 15.Be3 cxd5
16.Qf3 Ne5 17.Qg3 Qd7 18.Bg5 Neg4 19.h3 h6 20.Bh4 g5 21.hxg4 gxh4 22.Qxh4 Nxg4
23.Rd3 Re5 24.b4 Be7 25.Qh3 Rg5 26.Nf3 Rg7 27.Nxd5 Bxd5 28.Rxd5 Qc8 29.Re1 Bxb4
30.Re4 Bc5 31.Nd4 Bxd4 32.Rdxd4 Nf6 33.Qxc8 Rxc8 34.Rf4 Nh7 35.Rd7 Rxc2 36.Bxf7+  1-0

[Event "Cannes op-B 18th"]
[Site "Cannes"]
[Date "1997.??.??"]
[Round "3"]
[White "Maes, Wim"]
[Black "Willmoth, Robert"]
[Result "1-0"]
[WhiteElo "2285"]
[BlackElo "2180"]

1.e4 d6 2.d4 Nf6 3.Nc3 e5 4.Nf3 Nbd7 5.Bc4 Be7 6.O-O O-O 7.a4 c6 8.a5 Rb8
9.Qe2 exd4 10.Nxd4 Ne5 11.Bb3 c5 12.Nf5 Bxf5 13.exf5 Qd7 14.f4 Nc6 15.g4 d5
16.g5 c4 17.gxf6 Bxf6 18.Ba4 Qxf5 19.Qg2 Rfd8 20.Ne2 d4 21.Bxc6 bxc6 22.Ng3 Qd7
23.Ne4 Kh8 24.Ra3 d3 25.cxd3 cxd3 26.Kh1 d2 27.Bxd2 Rxb2 28.Nxf6 gxf6 29.Rg1 Qd5
30.Qxd5 cxd5 31.Bc3  1-0

[Event "Cannes op-B 18th"]
[Site "Cannes"]
[Date "1997.??.??"]
[Round "5"]
[White "Berges, Daniel"]
[Black "Willmoth, Robert"]
[Result "0-1"]
[WhiteElo "2250"]
[BlackElo "2180"]

1.d4 d6 2.e4 Nf6 3.Nc3 e5 4.dxe5 dxe5 5.Qxd8+ Kxd8 6.f4 Bc5 7.Nf3 exf4 8.Bxf4 Be6
9.Ng5 Nbd7 10.Nxe6+ fxe6 11.Be2 e5 12.Bg3 c6 13.Rf1 Kc7 14.Bf3 Rae8 15.h4 Bd4
16.Nd1 Nc5 17.Bh2 Ncxe4 18.Bxe4 Nxe4 19.Rf7+ Kc8 20.c3 Bb6 21.Ke2 g6 22.Ne3 Bxe3
23.Kxe3 Nd6 24.Rf2 Nf5+ 25.Ke4 Nxh4 26.Rd1 Re7 27.b3 h5 28.Rd6 Rg8 29.Rfd2 Nf5
30.Rf6 Nh6 31.Bg1 Ng4 32.Rfd6 Kc7 33.c4 Rf8 34.g3 Nf6+ 35.Ke3 Nd5+ 36.R6xd5 cxd5
37.cxd5 Kd7 38.Ke4 b6 39.Be3 Rf1 40.Rc2 Ref7 41.a4 R7f3 42.a5 bxa5 43.Bd2 R1f2
44.Rc3 Rxc3 45.Bxc3 g5 46.Bxa5 h4 47.gxh4 gxh4 48.Ke3 Rf1 49.Ke2 Rf4  0-1

[Event "Cannes op-B 18th"]
[Site "Cannes"]
[Date "1997.??.??"]
[Round "8"]
[White "Rosandic, Denis"]
[Black "Willmoth, Robert"]
[Result "1-0"]
[WhiteElo "2280"]
[BlackElo "2180"]

1.e4 d6 2.d4 Nf6 3.Nc3 e5 4.Nf3 Nbd7 5.Bc4 Be7 6.O-O O-O 7.a4 c6 8.Ba2 b6
9.Re1 Ne8 10.Be3 Qc7 11.Qe2 Bb7 12.Rad1 a6 13.Ng5 Ndf6 14.a5 b5 15.dxe5 dxe5
16.Bb6 Qc8 17.Qd3 h6 18.Nf3 Nd7 19.Be3 Qc7 20.Nh4 Nc5 21.Bxc5 Bxc5 22.Ng6 Nf6
23.Nxf8 Kxf8 24.Qf3 Qxa5 25.Rd7 Qxa2 26.Nxa2 Nxd7 27.Qf5 Nf6 28.Rd1 Re8 29.h3 b4
30.Nc1 Bd4 31.Nd3 c5 32.Re1 a5 33.b3 Bc6 34.Nc1 Bc3 35.Re2 Bd4 36.Qf3 a4
37.bxa4 c4 38.c3 bxc3 39.Na2 Bxa4 40.Nxc3 Bb3 41.Re1 Bc2 42.Nb5 Bc5 43.Qc3 Bd3
44.Nc7 Re7 45.Qa5 Bd4 46.Qa8+ Ne8 47.Nd5 Ra7 48.Qb8 f6 49.Nb4 Rc7 50.Nxd3 cxd3
51.Qb4+ Bc5 52.Qb5 d2 53.Rd1 Nd6 54.Qa5 Rc8 55.Rxd2 Nc4 56.Qa6 Rc7 57.Rc2 Nd6
58.Rxc5 Rxc5  1-0

[Event "Cappelle op"]
[Site "Cappelle la Grande"]
[Date "1997.??.??"]
[Round "2"]
[White "Vysochin, Spartak"]
[Black "Shaw, John"]
[Result "1-0"]
[WhiteElo "2500"]
[BlackElo "2345"]

1.e4 d6 2.d4 Nf6 3.Nc3 e5 4.dxe5 dxe5 5.Qxd8+ Kxd8 6.Bg5 Be6 7.f4 exf4 8.Nf3 h6
9.Bxf4 c6 10.O-O-O+ Nbd7 11.e5 Nd5 12.Nxd5 Bxd5 13.Nd4 Bc5 14.Nf5 Rg8 15.h4 Be6
16.Nd6 Bxd6 17.exd6 Nf6 18.c4 Kd7 19.Bd3 Ng4 20.Rd2 g5 21.hxg5 hxg5 22.Bg3 Rh8
23.Rf1 f5 24.Re2 f4 25.Rfe1 Ne3 26.Bf2 Bg4 27.Rd2 Rhe8 28.g3  1-0

[Event "Cappelle op"]
[Site "Cappelle la Grande"]
[Date "1997.??.??"]
[Round "5"]
[White "Kazhgaleyev, Murtas"]
[Black "Rocha, Sergio"]
[Result "1/2-1/2"]
[WhiteElo "2510"]
[BlackElo "2405"]

1.d4 d6 2.e4 Nf6 3.Nc3 c6 4.a4 Nbd7 5.g3 Qc7 6.Bg2 e5 7.Nge2 Be7 8.h3 b6
9.g4 Nf8 10.g5 Nh5 11.d5 c5 12.Bf3 g6 13.Bxh5 gxh5 14.Ng3 h4 15.Nf5 Ng6 16.Ng7+ Kd8
17.Nb5 Qd7 18.c4 a6 19.Nc3 Kc7 20.Be3 Qd8 21.Qh5 Bd7 22.Nf5 Qf8 23.a5 b5
24.b4 cxb4 25.Na2 b3 26.Nb4 bxc4 27.Rc1 Bb5 28.Qe2 Kd7 29.Rxc4 Qb8 30.Nc6 Qb7
31.Rb4 Rhc8 32.Qg4 Ke8 33.Ncxe7 Qc7 34.Nxc8 Qxa5 35.Ncxd6+ Kf8 36.Bc5 Qa1+
37.Qd1 Qc3+ 38.Qd2 Qa1+ 39.Qd1 Qc3+  1/2-1/2

[Event "Chemnitz op"]
[Site "Chemnitz"]
[Date "1997.??.??"]
[Round "6"]
[White "Hess, Christian"]
[Black "Huber, Peter"]
[Result "1-0"]
[WhiteElo "2305"]
[BlackElo "2120"]

1.d4 Nf6 2.Nc3 d6 3.e4 Nbd7 4.f4 e5 5.dxe5 dxe5 6.Nf3 Bd6 7.f5 Bc5 8.Bg5 c6
9.Qd2 b5 10.O-O-O Qb6 11.Kb1 a5 12.Bd3 a4 13.Rhf1 h6 14.Bxf6 gxf6 15.Ne2 Ra7
16.Qe1 Ba6 17.g4 b4 18.Nc1 Be7 19.Bxa6 Qxa6 20.Qe2 Qxe2 21.Nxe2 Nc5 22.Ng3 O-O
23.Ne1 b3 24.Nd3 a3 25.axb3 axb2 26.Kxb2 Rb8 27.Nxc5 Bxc5 28.Ra1 Rab7 29.Ra4 Bd4+
30.Kb1 c5 31.Ne2 Rc8 32.Rc4 Ra8 33.Nxd4 cxd4 34.Rd1 Rba7 35.Kc1 Ra1+ 36.Kd2 Rxd1+
37.Kxd1 Ra1+ 38.Ke2 Rh1 39.Rc8+ Kg7 40.b4 Rxh2+ 41.Kf3 Rh1 42.Ke2 Rb1 43.Rb8 h5
44.gxh5 Kh6 45.Rb6 Kxh5 46.Rxf6 Rxb4 47.Rxf7 Kg5 48.Re7 Rb5 49.Kd2 Rc5 50.Rg7+ Kf4
51.f6 Rc8 52.f7 Rf8 53.Kd3 Kf3 54.Rg5  1-0

[Event "Chemnitz op"]
[Site "Chemnitz"]
[Date "1997.??.??"]
[Round "7"]
[White "Haba, Petr"]
[Black "Lorenz, Gerd"]
[Result "1/2-1/2"]
[WhiteElo "2580"]
[BlackElo "2305"]

1.d4 d6 2.e4 Nf6 3.Nc3 e5 4.Nf3 Nbd7 5.Bc4 Be7 6.O-O O-O 7.Re1 c6 8.a4 b6
9.d5 cxd5 10.Nxd5 Bb7 11.Bg5 Rc8 12.Bxf6 Nxf6 13.Nxf6+ Bxf6 14.Qd3 Qc7 15.Bb3 Bc6
16.c3 Qb7 17.Rad1 b5 18.axb5 Bxb5 19.Qxd6 Bc6 20.Qb4 Qxb4 21.cxb4 Rb8 22.Bd5 Bxd5
23.Rxd5 Rxb4 24.Re2 Rfb8 25.g4 h6 26.Rdd2  1/2-1/2

[Event "Chemnitz op"]
[Site "Chemnitz"]
[Date "1997.??.??"]
[Round "9"]
[White "Oschetzki, Stefan"]
[Black "Mirschinka, Dirk"]
[Result "0-1"]
[WhiteElo "2150"]
[BlackElo "2260"]

1.e4 d6 2.d4 Nf6 3.Nc3 e5 4.Nf3 Nbd7 5.Bc4 Be7 6.O-O c6 7.a4 O-O 8.Bb3 b6
9.Qe2 Bb7 10.Rd1 Qc7 11.Bg5 Rac8 12.Rd2 exd4 13.Nxd4 Nc5 14.Bc4 Nfxe4 15.Bxe7 Qxe7
16.Re1 d5 17.b4 Qg5 18.Nf3 Qf6 19.Nxe4 Nxe4 20.Rd4 c5 21.bxc5 bxc5 22.Bxd5 Bxd5
23.Rxe4 Bxe4 24.Qxe4 Qc6 25.Qc4 Rfe8 26.Ne5 Qe6 27.Qc3 Qd5 28.h3 Qd4 29.Qg3 f6
30.Nd3 Rxe1+ 31.Nxe1 Qxa4 32.Qe3 Re8 33.Qc3 Qb4 34.Qxb4 cxb4 35.Nd3 a5 36.Kf1 Rc8
37.Ne1 a4 38.Nd3 Rxc2 39.Nxb4 Rb2 40.Nd3 a3  0-1

[Event "Capablanca mem mixed"]
[Site "Cienfuegos"]
[Date "1997.??.??"]
[Round "3"]
[White "Delgado Crespo, Mairelys"]
[Black "Ribeiro, Fernando"]
[Result "1/2-1/2"]
[WhiteElo "2210"]
[BlackElo "2305"]

1.e4 d6 2.d4 Nf6 3.Nc3 c6 4.f4 Qa5 5.e5 Ne4 6.Qf3 Nxc3 7.Bd2 Qd5 8.bxc3 Bf5
9.Bd3 Bxd3 10.cxd3 Nd7 11.Ne2 Qxf3 12.gxf3 e6 13.a4 g6 14.Bc1 d5 15.Ba3 c5
16.dxc5 Bxc5 17.Kd2 O-O-O 18.Rhb1 Kb8 19.Bxc5 Nxc5 20.Nd4 Ka8 21.Nb5 h6 22.Nd6 Rd7
23.Rb5 Na6 24.a5 Rb8 25.Rab1 Re7 26.d4 Rd7 27.R5b3 Re7 28.Rb5 Rd7  1/2-1/2

[Event "Capablanca mem mixed"]
[Site "Cienfuegos"]
[Date "1997.??.??"]
[Round "7"]
[White "Ross, David"]
[Black "Ribeiro, Fernando"]
[Result "0-1"]
[WhiteElo "2340"]
[BlackElo "2305"]

1.d4 d6 2.e4 Nf6 3.Nc3 c6 4.Nf3 Bg4 5.h3 Bh5 6.Be2 e6 7.O-O Be7 8.a4 O-O
9.a5 d5 10.exd5 exd5 11.Ra4 Bd6 12.g4 Bg6 13.Ne5 Ne4 14.Nxg6 Nxc3 15.bxc3 fxg6
16.c4 Bc7 17.cxd5 cxd5 18.Qd3 Nc6 19.a6 b6 20.Qb5 Qd6 21.f4 Rf7 22.Bf3 Rd8
23.g5 h6 24.h4 Kh7 25.Bg4 Ne7 26.Ba3 Qc6 27.Qxc6 Nxc6 28.Bb2 Rxf4 29.Rxf4 Bxf4
30.gxh6 gxh6 31.Kg2 h5 32.Be6 Rd6 33.Bh3 Be3 34.Kf3 b5 35.Ra1 Bxd4 36.c3 Rf6+
37.Kg3 Be5+ 38.Kg2 b4 39.Rc1 Kh8 40.Rb1 Nb8  0-1

[Event "FRA-chT9697 final"]
[Site "Clichy"]
[Date "1997.??.??"]
[Round "9"]
[White "Tagnon, Nicole"]
[Black "Mensch, Etienne"]
[Result "0-1"]
[WhiteElo "2095"]
[BlackElo "2270"]

1.e4 d6 2.d4 Nf6 3.Nc3 e5 4.Nf3 Nbd7 5.Bc4 Be7 6.O-O O-O 7.Qe2 c6 8.a4 b6
9.Rd1 Qc7 10.h3 a6 11.Bg5 Bb7 12.Nh4 g6 13.Nf3 b5 14.axb5 axb5 15.Bb3 exd4
16.Nxd4 Nc5 17.Rxa8 Rxa8 18.Qf3 Nxb3 19.Nxb3 Ne8 20.Bxe7 Qxe7 21.Nd4 b4 22.Nce2 c5
23.Nb5 Qxe4 24.Qxe4 Bxe4 25.c3 Bc6 26.Nbd4 cxd4 27.Nxd4 bxc3  0-1

[Event "KS Sommerskak op"]
[Site "Copenhagen"]
[Date "1997.??.??"]
[Round "?"]
[White "Sylvan, Jacob"]
[Black "Nilsson, Nils Specht"]
[Result "1/2-1/2"]
[WhiteElo "2245"]
[BlackElo "2225"]

1.e4 d6 2.d4 Nf6 3.Nc3 c6 4.f4 Qa5 5.Bd2 Bg4 6.Nf3 e6 7.Nd5 Qd8 8.Nxf6+ gxf6
9.h3 Bxf3 10.Qxf3 d5 11.f5 dxe4 12.Qxe4 Qd5 13.Bd3 Nd7 14.fxe6 fxe6 15.O-O Qxe4
16.Bxe4 O-O-O 17.Bc3 Bg7 18.Rae1 Nf8 19.Bd3 f5 20.Bc4 Rd6 21.Rf2 h5 22.Bb4 Rxd4
23.Bxf8 Rxf8 24.Bxe6+ Kd8 25.Rxf5 Rxf5 26.Bxf5 Rf4 27.Rd1+ Bd4+ 28.Kh1 Kc7
29.b3 c5 30.Bd3 h4 31.a4 Rf2 32.Rf1 Rd2 33.Kh2 Be5+ 34.Kg1 Bg3 35.Be4 b6
36.Bd3 Kd6 37.Be4 Ke5 38.Bg6 Kd4 39.Bh7 c4 40.Bg6 Kc3 41.Bf7 cxb3 42.cxb3 Rb2
43.Bg8 Kb4 44.Rd1 Bf2+ 45.Kf1 Bc5 46.Bd5 a5 47.Rd3 b5 48.axb5 Kxb5 49.g4 hxg3
50.Rxg3 Rf2+ 51.Ke1 Rf5 52.Bc4+ Kb4 53.Rg4 Kc3 54.h4 Bd4 55.Rg5 Rxg5  1/2-1/2

[Event "KS Sommerskak op"]
[Site "Copenhagen"]
[Date "1997.??.??"]
[Round "?"]
[White "Brinck Claussen, Bjorn"]
[Black "Houska, Miroslav"]
[Result "0-1"]
[WhiteElo "2380"]
[BlackElo "2260"]

1.e4 d6 2.d4 Nf6 3.Nc3 e5 4.Nf3 Nbd7 5.Bc4 Be7 6.O-O O-O 7.a4 c6 8.Qe2 Qc7
9.Ba2 b6 10.h3 a6 11.dxe5 dxe5 12.Nh4 Nc5 13.Nf5 Be6 14.b4 Nb7 15.Bxe6 fxe6
16.Qc4 Bxb4 17.Nh6+ gxh6 18.Qxb4 h5 19.Qc4 Qe7 20.Ba3 c5 21.Rab1 Na5 22.Qe2 Qb7
23.Bc1 Nc6 24.Bh6 Nd4 25.Qd2 Rf7 26.f4 Rd8 27.Qf2 Rdd7 28.Qg3+ Kh8 29.fxe5 Nxe4  0-1

[Event "KS Sommerskak op"]
[Site "Copenhagen"]
[Date "1997.??.??"]
[Round "?"]
[White "Olesen, Martin"]
[Black "Houska, Miroslav"]
[Result "0-1"]
[WhiteElo "2355"]
[BlackElo "2260"]

1.e4 d6 2.d4 Nf6 3.Nc3 e5 4.Nf3 Nbd7 5.Bd3 c6 6.a4 Be7 7.O-O O-O 8.b3 Re8
9.Bb2 Qc7 10.Re1 Nf8 11.Ne2 Ng6 12.Ng3 Bf8 13.Nf5 Nf4 14.dxe5 dxe5 15.Qd2 Bxf5
16.Bxe5 Rxe5 17.Qxf4 Rae8 18.Nxe5 Rxe5 19.Qh4 Bb4 20.Re2 Bg4 21.f3 Rh5 22.Qg3 Bc5+  0-1

[Event "Union de Reyes"]
[Site "CUB"]
[Date "1997.??.??"]
[Round "?"]
[White "Lopez, Carlos Manuel"]
[Black "Barroso, Wildred"]
[Result "1-0"]
[WhiteElo "2400"]
[BlackElo "2200"]

1.e4 d6 2.d4 Nf6 3.Nc3 c6 4.f4 Qa5 5.Bd3 e5 6.Nf3 Bg4 7.Be3 Nbd7 8.h3 Bxf3
9.Qxf3 Qb4 10.dxe5 dxe5 11.O-O-O Bc5 12.Bd2 Bd4 13.a3 Qe7 14.Ne2 Bc5 15.Ng3 g6
16.Rhf1 exf4 17.Bxf4 Qe6 18.e5 Nd5 19.Bc4 N7b6 20.Bb3 O-O-O 21.Ne4 Be7 22.Bh2 Rhf8
23.c4 Nc7 24.Rxd8+ Kxd8 25.Nd6 Bxd6 26.exd6 Na6 27.c5 Nd5 28.Bxd5 cxd5 29.Qc3 Re8
30.c6 d4 31.Qa5+  1-0

[Event "MSS-ch"]
[Site "CZE"]
[Date "1997.??.??"]
[Round "?"]
[White "Zedek, Frantisek"]
[Black "Markovic, Ivan2"]
[Result "0-1"]
[WhiteElo "1915"]
[BlackElo "2115"]

1.e4 d6 2.d4 Nf6 3.Nc3 e5 4.dxe5 dxe5 5.Qxd8+ Kxd8 6.Bc4 Be6 7.Bxe6 fxe6
8.Nf3 Bd6 9.Bg5 Nd7 10.O-O-O Ke7 11.Rd2 a6 12.Rhd1 h6 13.Bh4 g5 14.Bg3 Rad8
15.Re2 Nh5 16.a3 b5 17.b4 Kf6 18.Red2 Nxg3 19.hxg3 Nb6 20.Nb1 Rc8 21.Rd3 Be7
22.Kb2 c5 23.c3 cxb4 24.cxb4 Rc7 25.Kb3 Rhc8 26.Rc3 Na4 27.Rxc7 Rxc7 28.Rh1 Bf8
29.Nh2 h5 30.Nf3 g4 31.Nfd2 Bh6 32.Rd1 Bxd2 33.Nxd2 Rc3+ 34.Ka2 Rd3 35.Kb1 Rxa3
36.Rc1 Rd3 37.Kc2 Rd4 38.Rb1 Rd6 39.Rb3 Rc6+ 40.Kd3 Rc1 41.Ra3 Nb2+ 42.Ke3 Re1+  0-1

[Event "CZE-chT1c 9697"]
[Site "CZE"]
[Date "1997.??.??"]
[Round "?"]
[White "Spal, Milan"]
[Black "Volak, Michal"]
[Result "1/2-1/2"]
[WhiteElo "2245"]
[BlackElo "2175"]

1.e4 d6 2.d4 Nf6 3.Nc3 c6 4.f4 Qa5 5.e5 Ne4 6.Qf3 Nxc3 7.Bd2 Qd5 8.bxc3 Qxf3
9.Nxf3 e6 10.Bd3 Be7 11.O-O O-O 12.Rae1 c5 13.exd6 Bxd6 14.Ng5 cxd4 15.Bxh7+ Kh8
16.Bd3 Bc5 17.Rf3 dxc3+ 18.Be3 Bxe3+ 19.Rexe3 g6 20.Rh3+ Kg8 21.Rh6 Kg7 22.Rh7+ Kf6
23.Ne4+ Ke7 24.Nxc3 Kd8 25.Be4 Nd7 26.Rg7 Nc5 27.Bf3 Bd7 28.Ne4 Nxe4 29.Bxe4 Bc6
30.Bxc6 bxc6  1/2-1/2